Multivariate analysis : proceedings of an International Symposium held in Dayton, Ohio, June 14-19, 1965 /
Guardado en:
| Autor Corporativo: | |
|---|---|
| Otros Autores: | |
| Formato: | Libro |
| Idioma: | English |
| Publicado: |
New York :
Academic Press,
1966.
|
| Materias: | |
| Etiquetas: |
Agregar Etiqueta
Sin Etiquetas, Sea el primero en etiquetar este registro!
|
| LEADER | 00985cam a22002291a 4500 | ||
|---|---|---|---|
| 001 | MAT.inmabb002737 | ||
| 008 | 731212s1966####nyuac####b####100#0#eng## | ||
| 005 | 20110907173639.0 | ||
| 245 | 1 | 0 | |a Multivariate analysis : |b proceedings of an International Symposium held in Dayton, Ohio, June 14-19, 1965 / |c edited by Paruchuri R. Krishnaiah. |
| 260 | |a New York : |b Academic Press, |c 1966. | ||
| 300 | |a xix, 592 p. : |b il., retr. ; |c 24 cm. | ||
| 500 | |a "Sponsored by the Aerospace Research Laboratories (ARL) at Wright-Patterson Air Force Base, Ohio." | ||
| 504 | |a Incluye referencias bibliográficas. | ||
| 510 | 4 | |a MR, |c 34 #8513 | |
| 111 | 2 | |a International Symposium on Multivariate Analysis |d (1965 : |c Dayton, Ohio) | |
| 700 | 1 | |a Krishnaiah, Paruchuri R. |4 edt | |
| 710 | 2 | |a Aerospace Research Laboratories (U.S.) |4 spn | |
| 650 | 0 | |a Multivariate analysis. | |
| 084 | |a 62Hxx (62-06) |2 msc2000 | ||
| 010 | |a 66026263 | ||
| 040 | |a DLC |c DLC |d DLC | ||
| 859 | |h 62 |i In61 1965 |p A-2495 |b BIB. MATEMATICA | ||
